|
|
|
|
| LEADER |
00000nam0a2200000 4500 |
| 001 |
65829 |
| 005 |
20231031070947.0 |
| 010 |
|
|
|a 5934830198
|
| 035 |
|
|
|a (RuTPU)RU\TPU\book\69877
|
| 090 |
|
|
|a 65829
|
| 100 |
|
|
|a 20040701d2002 m y0rusy50 ca
|
| 101 |
0 |
|
|a rus
|
| 102 |
|
|
|a RU
|
| 105 |
|
|
|a a j 000zy
|
| 200 |
1 |
|
|a Автоматизация технологических процессов дуговой сталеплавильной печи
|e учебное пособие
|f И. В. Лапшин
|
| 210 |
|
|
|a Москва
|c Квадратум
|d 2002
|
| 215 |
|
|
|a 157 с.
|c ил.
|
| 610 |
1 |
|
|a металлургия
|
| 610 |
1 |
|
|a технологические процессы
|
| 610 |
1 |
|
|a автоматизация
|
| 610 |
1 |
|
|a дуговые установки
|
| 610 |
1 |
|
|a дуговые электропечи
|
| 610 |
1 |
|
|a автоматическое регулирование
|
| 610 |
1 |
|
|a процессы
|
| 610 |
1 |
|
|a контроль
|
| 610 |
1 |
|
|a электрический режим
|
| 610 |
1 |
|
|a тепловой режим
|
| 610 |
1 |
|
|a технологическое управление
|
| 610 |
1 |
|
|a АСУ ТП
|
| 610 |
1 |
|
|a учебные пособия
|
| 675 |
|
|
|a 669.187.2(075.8)
|v 3
|
| 700 |
|
1 |
|a Лапшин
|b И. В.
|g Игорь Васильевич
|
| 801 |
|
1 |
|a RU
|b 63413507
|c 20040701
|g PSBO
|
| 801 |
|
2 |
|a RU
|b 63413507
|c 20040922
|g PSBO
|
| 900 |
|
|
|a Автоматизация технологических процессов
|
| 900 |
|
|
|a Металлургия и коррозия металлов
|
| 942 |
|
|
|c BK
|
| 951 |
|
|
|a 550500
|b 110100
|b 210200
|